000 00543nam a2200169Ia 4500
008 090201s9999 xx 000 0 und d
010 _aKPL-17938
040 _bमराठी
041 _aमराठी
082 _a9519
_b17938
100 _aसदाशिव आठवले
245 _aपिशाच्च सुंदरी
_cसदाशिव आठवले
260 _c2004
_bसुरस प्रकाशन
300 _a174
_bमोठा
600 _aपिशाच्च सुंदरी
942 _cBOOK
999 _c210026
_d210026